000 00390 a2200121 4500
020 _a0080419127 (hc)
082 _a624.15132 HUD
100 _aHudson, J. A.
245 _aEngineering rock mechanics :
_ban introduction to the principles /
_cJohn A. Hudson and John P. Harrison.
250 _a1st ed.
260 _aTarrytown, NY :
_bPergamon,
_c1997.
300 _axii, 444 p. :
_bill. ;
_c26 cm.
650 _aRock mechanics.
999 _c1026
_d1026